| 000 | 006840000a22001930004500 | ||
|---|---|---|---|
| 090 |
_aAR _b02318 |
||
| 245 | 1 | 0 | _aContribución al conocimiento etnobotánico de la región amazónica: el chontaduro, una planta en el contexto cultural Huitoto |
| 650 | 1 | 4 |
_aConocimiento tradicional _992244 |
| 650 | 1 | 4 |
_aindígenas _995854 |
| 650 | 1 | 4 |
_aHuitoto _995240 |
| 650 | 1 | 4 |
_aAntropología _994371 |
| 651 | 4 |
_mAraracuara _dCaquetá _pColombia _992749 |
|
| 653 |
_gBactris _eBactris gassipaes _vchontaduro |
||
| 041 | 0 | _aEspañol | |
| 700 | 1 |
_aGarzón, Nivia Cristina _995855 |
|
| 100 | 1 |
_aMacuritofe, Vicente _915321 |
|
| 942 | _cARTICULO | ||
| 773 | 1 |
_tColombia Amazónica _3395 _h1 _q69-79 _d1986 _g2 |
|
| 999 |
_c11389 _d11389 |
||